Регионална библиотека "Любен Каравелов" - Русе

La vita, le opere con le piu belle melodie su cd [CD аудио] (Запис номер 218416)

MARC детайли
000 -Лидер
Контролно поле с фиксирана дължина 02546njm a2200445 c 4500
003 - Код на организацията, давaща контролен номер
Контролно поле BLK
005 - Дата и час на последна редакция
Контролно поле 20240521163714.0
008 - Елементи от данни с фиксирана дължина
fixed length control field 180410b bul||n||s|||||||| n|bulo|
010 ## - Наследен системен номер
LC control number CDD00000979000
040 ## - Източник на каталожния запис
Идентификатор на билиотеката - собственик на записа BLK
041 ## - Код за език
Код за езика на текст/звукозапис или на отделно заглавие Италиански
Код за езика КДБФ Други
080 ## - УДК
Текстов определител УДК Откъси от опери - танци, картини, действия
УДК код - определител по УДК 782.1.086
УДК - код + определител 782.1.086
139 ## - Редно поле
Редна дума Верди, Джузепе
Авторски знак Верд - В 49
245 10 - Сведения за заглавието
Заглавие La vita, le opere con le piu belle melodie su cd [CD аудио]
Редно поле (дума) * Giuseppe Verdi; * Джузепе Верди.
257 ## - Страна на издаване
Страна на създаване/издаване Италия
260 ## - Област на издателските данни
Име на издателя, разпространителя и проч. Ricordi
Година на издаване 2000
300 ## - Физическа характеристика
Размери/Мащаб 12 см. Stereo
Тип мерна единица бр. в к-т
Количество на мерната единица 1 CD
306 ## - Продължителност на изпълнението
Времетраене 60 мин., 08 сек.
380 ## - Жанр
Жанр Изкуство
505 ## - Форматирана забележка
Подзаглавни данни Va pensiero : Parte III, Scena IV
Заглавие Nabucco-Хор
505 ## - Форматирана забележка
Подзаглавни данни Questa o quella : Atto I, Scena I
Авторската отговорност тенор Alfredo Kraus; Orchestra del Maggio Musicale Fiorentino; диригент Gianandrea Gavazzeni.
Заглавие Rigoletto-Ария на Дука
505 ## - Форматирана забележка
Подзаглавни данни Caro nome Artto I, Scena XIII
Авторската отговорност сопран Renata Scotto; Orchestra del Maggio Musicale Fiorentino; диригент Gianandrea Gavazzeni.
Заглавие Rigolleto-Ария на Джилда
505 ## - Форматирана забележка
Подзаглавни данни La donna e mobile : Atto III, Scena II
Авторската отговорност тенор Alfredo Kraus; Orchestra del Maggio Musicale Fiorentino; диригент Gianandrea Gavazzeni.
Заглавие Rigoletto-Ария на Дука
505 ## - Форматирана забележка
Подзаглавни данни Tacea la notte placida : Parte I, Scena II
Авторската отговорност Royal Philharmonic Orchestra.
Заглавие Il Trovatore-Ария на Леонора
505 ## - Форматирана забележка
Подзаглавни данни Libiam ne`lieti caliti : Atto I, Scena II
Авторската отговорност Royal Philharmonic Orchestra.
Заглавие La Traviata-Наздравица
505 ## - Форматирана забележка
Подзаглавни данни Ah, fors`e lui che l`anima : Atto I, Scena V
Авторската отговорност сопран Anna Moffo; Orchestra del Teatro dell`Opera di Roma; диригент Fernando Previtali.
Заглавие La Traviata-Ария на Виолета
505 ## - Форматирана забележка
Подзаглавни данни Ecco l`orrido campo : Atto, Scena I
Авторската отговорност Royal Philharmonic Orchestra.
Заглавие Un Ballo in Maschera-Ария на Амелия
505 ## - Форматирана забележка
Подзаглавни данни Celesta Aida : Atto I, Scena I
Авторската отговорност Royal Philharmonic Orchestra.
Заглавие Aida-Ария на Радамес
505 ## - Форматирана забележка
Подзаглавни данни Canzone del salice e Ave Maria : Atto IV, Scena II
Авторската отговорност Royal Philharmonic Orchestra.
Заглавие Otello-Дездемона-Песен на върбата и Аве Мария
650 #4 - Допълнително описание по предмет – тема
Основно описание – тема или топоним Опера
9 (RLIN) 165008
653 ## - Ключова дума – ненормативна
Ключова дума оперни арии
700 1# - Други автори (авторска отговорност)
Лично име Verdi, Giuseppe
Автороска отговорност (Описва отношението между автора и произведението) *
9 (RLIN) 27244
852 ## - Местоположение
Форматна сигнатура Цб CD 297
Част 10
856 4# - Електронен адрес и достъп
Електронен формат pdf - файл
Път до файла /url/
856 4# - Електронен адрес и достъп
Електронен формат pdf - файл
Път до файла /url/
942 ## - АРТИКУЛИ
Вид на библиотечния материал Компактдискове
Скрит в OPAC Не
944 ## - СЪЗДАВАНЕ И РЕДАКЦИЯ на ЗАПИСА
Създаване/Редакция Създаване
Дата на регистрацията/редакция 26.03.2010
Статус, дата на статуса Виолета Тройчева
Служител, извършил регистрацията/редакцията 30552
944 ## - СЪЗДАВАНЕ И РЕДАКЦИЯ на ЗАПИСА
Създаване/Редакция Редакция
Дата на регистрацията/редакция 08.04.2010
999 ## - СИСТЕМНИ КОНТРОЛНИ НОМЕРА
Koha biblionumber 218416
Koha biblioitemnumber 218416
999 ## - СИСТЕМНИ КОНТРОЛНИ НОМЕРА
Koha biblioitemnumber 218416
Наличности
Код за отписване Код за изгубен артикул Източник на класификационната схема Код за повреда Коз за рестрикции Код за отдаване Артикулен № Име на библиотеката - собственик Име на библиотеката, в която се намира в момента Статус (Текущо местоположение) Дата на вписване в системата Местоположение - отдел Цена в лева Инвентарен номер Систематично азбучна сигнатура Баркод Номер на екземпляра Цена в евро Служебна бележка Служебен тип на артикула
  Не е изгубен Universal Decimal Classification Не е повреден без рестрикции заемане за дома 389793 Регионална библиотека "Любен Каравелов" Русе Регионална библиотека "Любен Каравелов" Русе Отдел Изкуство - подръчен фонд 2000-01-01 Отдел Изкуство - подръчен фонд 4.00 250000000297 782/V 41 250000000297 1 2.05 Дост: Pk Вид: Ф N: стар фонд Дата: 01.01.2000 Съставил: Ирена_Линкова Компактдискове
Vip Innovations Ltd, Rousse, Bulgaria 2025